000 00236nam a2200097Ia 4500
001 683541
005 20250826161440.0
008 250824s9999 xx 000 0 und d
245 0 _aHAYALET X
_cKJARTAN POSKİTT
260 _bTİMAŞ YAYINLARI
999 _c683541
_d683541